00402nam a2200121 a 4500001000400000003000500004005001700009008004100026040002000067100003100087245014200118260002000260945CDMR20130116135159.0130130s1973||||||||||||||||||||||||||||d aCDMRbcatcCDMR1 aRamentol Massana, Santiago13aEl fracaso del tecno-burocratismo como solución al desfase entre la realidad técnica y la humanística...cSantiago Ramentol Massana aBarcelonac1973